Neutralita zdanenia v prípade cezhraničnej portfóliovej investície

Medzinárodné dvojité zdanenie príjmov ako vážna prekážka pre rozvoj medzinárodných ekonomických vzťahov. Neutralita zdanenia v medzinárodnom prostredí. Koncepcie neutrality v medzinárodnom zdaňovaní. Účinky jednotlivých koncepcií na zamedzenie dvojitého zdanenia z pohľadu neutrality zdanenia v prípa...

Ausführliche Beschreibung

Gespeichert in:
Bibliographische Detailangaben
1. Verfasser: Geško, Martin
Format: Buchkapitel
Sprache:Slowakisch
Schlagworte:
Tags: Tag hinzufügen
Keine Tags, Fügen Sie das erste Tag hinzu!

MARC

LEADER 00000nla a2200000 4500
001 0239819
005 20240502073904.9
041 0 |a slo 
044 |a SK 
245 1 0 |a Neutralita zdanenia v prípade cezhraničnej portfóliovej investície  |c Martin Geško 
520 |a Medzinárodné dvojité zdanenie príjmov ako vážna prekážka pre rozvoj medzinárodných ekonomických vzťahov. Neutralita zdanenia v medzinárodnom prostredí. Koncepcie neutrality v medzinárodnom zdaňovaní. Účinky jednotlivých koncepcií na zamedzenie dvojitého zdanenia z pohľadu neutrality zdanenia v prípade neexistencie Zmluvy o zamedzení dvojitého zdanenia (tzn. v prípade využitia jednostranného opatrenia) na príklade modelovej portfóliovej investície. 
610 2 0 |a investície 
610 2 0 |a investície zahraničné 
610 2 0 |a portfólio 
610 2 0 |a politika daňová 
610 2 0 |a sústava daňová 
610 2 0 |a dane 
610 2 0 |a zdaňovanie 
610 2 0 |a zdaňovanie medzinárodné 
610 2 0 |a optimalizácia 
610 2 0 |a optimalizácia daňová 
610 2 0 |a zdanenie dvojité 
610 2 0 |a trh finančný 
610 2 0 |a trh finančný medzinárodný 
610 2 0 |a Európska únia 
100 1 |a Geško, Martin